| 000 | 00812cem a22001935a 4500 | ||
|---|---|---|---|
| 001 | L157115 | ||
| 008 | 120904s1846 xxk f 000 0 eng d | ||
| 035 | _a(Sirsi) u157115 | ||
| 041 | 0 | _aeng | |
| 245 | 0 | 0 |
_aStranger's guide through London _bexhibiting the alterations and improvements to 1846. The routes of the omnibuses, with references to the principal streets, and much useful information |
| 260 |
_aLondon _bJames Gardner _c[1846] |
||
| 300 |
_a1 map _bhand coloured _c74 x 50 cm., folded to 18 x 11 cm. |
||
| 520 | _aMap had hard covers to protect it once folded. | ||
| 520 | _aTitle on map: "New plan of the cities of London & Westminster with the Borough of Southwark". | ||
| 583 |
_aCondition reviewed _c20120620 _lcondition level 4 |
||
| 651 | 4 | _aLondon | |
| 690 |
_aGeomatics _96242 |
||
| 942 | _n0 | ||
| 999 |
_c114605 _d114605 |
||